000 00822nam a2200241 i 4500
001 89003
003 ES-MaACL
005 20230906180028.0
007 t|
008 050124s2004 sp ||||1| spa d
020 _a84-95394-63-4
080 _a78(460.288)"18"
100 1 _aSánchez Huedo, Olga.
_9102702
245 1 3 _aLa actividad artístico-musical de Albacete en la segunda mitad del siglo XIX /
_cOlga Sánchez Huedo.
260 _aAlbacete :
_bInstituto de Estudios Albacetenses "Don Juan Manuel",
_c2004.
300 _a296 p. :
_bil. ;
_c24 cm.
490 1 _aSerie I--Estudios ;
_v153
650 1 4 _aMúsica-
_zAlbacete-
_yS.XIX.
_915377
710 2 _aInstituto de Estudios Albacetenses.
_94884
830 0 _aSerie I--Estudios ;
_v153
_9179228
852 _aES-MaACL
_jL-28631
_bR.134897
999 _c89003
_d89003